000 00509aam a2200205 4500
005 20241211114409.0
008 150720b xxu||||| |||| 00| 0 spa d
020 _a8471664577
041 _aESP
082 _a863.3 C419i
100 _aCervantes Saavedra, Miguel de
245 _aEl ingenioso hidalgo Don Quijote de la Mancha
260 _aEspaña
260 _bEDAF
260 _c2004
300 _a919 páginas
650 _aLITERATURA ESPAÑOLA
650 _aNOVELA ESPAÑOLA
942 _cLIT
_2ddc
999 _c1947
_d1947